000 00614nam a2200205Ia 4500
003 GCL
005 20240530095222.0
008 140319s9999 xx 000 0 ara d
040 _aGCL /
_cGCL
082 0 4 _a920.7
_bق/ل م
100 1 _aلمعى المطيعى
245 1 0 _aموسوعة نساء ورجال من مصر /
_cلمعى المطيعى
250 _aالاولى
260 _aالقاهرة :
_bدار الشروق ،
_c2003
300 _a865 ص ؛
_c24 سم
650 0 4 _aالرجال - تراجم
650 0 4 _aمصر - تراجم
650 0 4 _aالنساء - تراجم
942 _2ddc
_cBK
999 _c5084
_d5084